1327 1097 1840 1169 1456 1943 1701 1710 1127 1973 1473 1511 1518 1594 1086 1675 1716 1701 1441 1705 1454 1539 1726 1903 1985 1785 1324 1628 1493 1564 1938 1994 1011 1208 1566 1349 1560 1174 1137 1138 1953 1580 1218 1117 1428 1291 1921 1019 1980 1385 1139 1565 1623 1986 1817 1883 1046 1045 1670 1977 1845 1465 1552 1698 1711 1077 1817 1551 1382 1201 1660 1968 1547 1971 1176 1315 1214 1786 1264 1299 1566 1827 1018 1823 1914 1599 1108 1279 1579 1872 1197 1776 1968 1178 1046 1207 1854 1996 1412 BCNSPRNW ULIB Ver.6.0+V

เปลี่ยนเป็นภาษาไทย

Change to English
 แสดงรายละเอียดบรรณานุกรม
  กลับหน้าหลัก

Brief Record : Get Marc (ISO 2709) : E-mail record : QR code < ปิดหน้าต่าง
LEADER : 00000nam 2200000uu 4500
001    13399127468
003     ULIB
008    200604s2017||||th 000 0 tha d
020    ^a9781520674049 (pbk.)
050  4 ^aPE1128^bE48TR
100 1  ^aElmetaher, Hosam
245 10 ^aTOEFL ITP test.^pReading /^cHosam Elmetaher
260    ^a[Great Britain :^bHosam Elmetaher],^c2017
300    ^av, 49 p. ;^c28 cm.
650  0 ^aTest of English as a Foreign Language^vStudy guides
650  0 ^aEnglish language^vTextbooks for foreign speakers
650  0 ^aEnglish language^xExaminations
653    ^aTOEFL
945    ^p0^l0^i28374
999    ^aกัณชพร จุลอักษร
รายการนี้ยังไม่มีแท็ก
คุณยังไม่ได้ล็อกอิน คุณสามารถมีกิจกรรมร่วมกับเว็บไซต์ได้ แต่ต้องล็อกอินก่อน ::
  ล็อกอิน

รายการสื่อสารสนเทศ

ลำดับที่ ประเภท เลขเรียก/บาร์โค้ด สถานที่ สถานะ
1. หนังสือสำรอง
หนังสือสำรอง
PE1128 E48TR ฉ.1 
  Barcode: 28374
ห้องสมุดวิทยาเขตนครสวรรค์
►หนังสือทั่วไป:l:General Books
บนชั้น

รายการใกล้เคียง
    ผู้แต่ง [Elmetaher, Hosam]

BibComment


ยังไม่เคยถูกคอมเมนท์

คอมเมนท์ทรัพยากรรายการนี้
  คอมเมนท์: TOEFL ITP test R..


 Copyright 2026. Bcnsprnw @Library